Essai de reconstitution de l'Édit perpétuel / (Record no. 90373)

MARC details
000 -LEADER
campo de control de longitud fija 00763nam a2200205 i 4500
001 - NÚMERO DE CONTROL
campo de control 90373
003 - IDENTIFICADOR DE NÚMERO DE CONTROL
campo de control ES-MaACL
005 - FECHA Y HORA DE LA ÚLTIMA TRANSACCIÓN
campo de control 20250723061835.0
007 - CAMPO FIJO DE DESCRIPCIÓN FÍSICA--INFORMACIÓN GENERAL
campo de control de longitud fija t|
008 - DATOS DE LONGITUD FIJA--INFORMACIÓN GENERAL
campo de control de longitud fija 050120m19011903fr ||||1| fre d
100 1# - ENTRADA PRINCIPAL--NOMBRE DE PERSONA
Nombre de persona Lenel, Otto.
9 (RLIN) 71513
245 10 - MENCIÓN DEL TÍTULO
Título Essai de reconstitution de l'Édit perpétuel /
Mención de responsabilidad, etc. Otto Lenel,... ; ouvrage traduit en français par Frédéric Peltier,... sur un texte revu par l'auteur.
260 ## - PUBLICACIÓN, DISTRIBUCIÓN, ETC.
Lugar de publicación, distribución, etc. Paris :
Nombre del editor, distribuidor, etc. L. Larose,
Fecha de publicación, distribución, etc. 1901-1903.
300 ## - DESCRIPCIÓN FÍSICA
Extensión 2 v. (XV-335, XI-329 p.) ;
Dimensiones 24 cm.
505 8# - NOTA DE CONTENIDO CON FORMATO
Nota de contenido con formato Contiene: 1. Le plan de l'édit. - 2. Les édits et les formules en particulier
650 07 - PUNTO DE ACCESO ADICIONAL DE MATERIA--TÉRMINO DE MATERIA
Término de materia o nombre geográfico como elemento de entrada Derecho romano
Fuente del encabezamiento o término embne
9 (RLIN) 11764
700 1# - ENTRADA AGREGADA--NOMBRE PERSONAL
Nombre de persona Pettier, Frédéric.
9 (RLIN) 91567
852 ## - LOCALIZACIÓN
Ubicación ES-MaACL
Número de control de estantería G-4992-93
Holdings
Estatus retirado Estado de pérdida Estado de daño No para préstamo Biblioteca de origen Biblioteca actual Ubicación en estantería Fecha de adquisición Fuente de adquisición Total de préstamos Signatura topográfica completa Código de barras Visto por última vez Precio de reemplazo Tipo de ítem Koha
        Biblioteca del Ateneo de Madrid Biblioteca del Ateneo de Madrid Depósito 2 17/01/2008     G-4992-93 1094372 23/02/2023 23/02/2023 Libro impreso antiguo